Statistiche per Riconosci la Squadra di calcio - Quiz n°39

Clicka qui per fare il quiz!

Statistiche generali

  • Questo quiz è stato fatto 12 volte
  • Il punteggio medio è 5 su 10

Statistiche sulle risposte

IndizioRisposta% Corretto
Titoli nazionali3 Campionati sloveni di calcio
91%
Colori socialiBianco, verde
91%
SimboliDrago
73%
Divisione nazionale 2023-2024Prima
45%
Capienza Stadio16 000 posti
36%
ConfederazioneUEFA
36%
Trofei internazionali0
27%
Fondazione2005
27%
Trofei nazionali4 Coppa di Slovenia
27%
SquadraOlimpia Lubiana
18%

Distribuzione punteggi

Percentile per numero di risposta

Percentuale di utenti per punteggio

I tuoi punteggi nel tempo

Non hai fatto questo quiz